STL lập trình khái lược trong C++
Spremljeno u:
| Glavni autor: | |
|---|---|
| Format: | Knjiga |
| Jezik: | Undetermined |
| Izdano: |
H.
KHKT
|
| Teme: | |
| Oznake: |
Dodaj oznaku
Bez oznaka, Budi prvi tko označuje ovaj zapis!
|
| Thư viện lưu trữ: | Trung tâm Học liệu Trường Đại học Cần Thơ |
|---|
| LEADER | 00486nam a2200169Ia 4500 | ||
|---|---|---|---|
| 001 | CTU_55446 | ||
| 008 | 210402s9999 xx 000 0 und d | ||
| 020 | |b 42000 | ||
| 082 | |a 005.133 | ||
| 082 | |b Th523 | ||
| 100 | |a Nguyễn Thanh Thủy | ||
| 245 | 0 | |a STL lập trình khái lược trong C++ | |
| 245 | 0 | |c Nguyễn Thanh Thủy | |
| 260 | |a H. | ||
| 260 | |b KHKT | ||
| 650 | |a C++ ( computer program language ) | ||
| 980 | |a Trung tâm Học liệu Trường Đại học Cần Thơ | ||